| 000 | 00936nam a22003017a 4500 | ||
|---|---|---|---|
| 001 | 2879 | ||
| 003 | FISKH | ||
| 005 | 20240119152224.0 | ||
| 008 | 240119b cb ||||| |||| 00| 0 eng d | ||
| 022 | _a9780140507676 | ||
| 040 |
_aFISKH _beng _cFISKH _dFISKH |
||
| 050 | _a813.54 | ||
| 082 | _aPZ7 | ||
| 100 | _aZiefert, Harriet | ||
| 245 |
_aNicky, 1-2-3 / _cby Ziefert, Harriet : illustrated by Brown, Richard |
||
| 250 | _aFirst published in 1995 | ||
| 260 |
_aNew York : _bPenguin Group , _c1995 |
||
| 300 |
_a16 unnumbered pages : _bcolor illustrations ; _c20 cm . |
||
| 490 | _aA lift-the-Flap Book | ||
| 505 | _aD | ||
| 520 | _aNicky the kitten meets all different kinds of baby animals, learning how to count as he goes | ||
| 521 | 8 |
_a160
_bLexile |
|
| 521 | 8 |
_aD
_bRaz-Plus |
|
| 600 |
_2cats _vfiction |
||
| 610 |
_2animals _vfiction |
||
| 700 |
_aBrown, Richard _eillustrator |
||
| 942 |
_2ddc _cBK _n0 |
||
| 999 |
_c2879 _d2879 |
||